[Event "Orsha op"]
[Site "Orsha"]
[Date "2019.01.20"]
[Round "5"]
[White "Simonian, Anna"]
[Black "Volchkov, Ivan"]
[Result "0-1"]
[WhiteElo "1289"]
[BlackElo "1685"]
[PlyCount "72"]
[EventDate "2019.01.18"]
[EventType "swiss"]
[EventRounds "9"]
[EventCountry "BLR"]
[SourceTitle "CBM 188 Extra"]
[Source "ChessBase"]
[SourceDate "2019.02.28"]
[SourceVersion "1"]
[SourceVersionDate "2019.02.28"]
[SourceQuality "1"]

1. e4 c5 2. Nf3 Nc6 3. d4 cxd4 4. Nxd4 g6 5. Nc3 Bg7 6. Be3 Nf6 7. f3 0-0 8. Qd2 d5 9. exd5 Nxd5 10. Nxd5 Qxd5 11. Nxc6 Qxc6 12. 0-0-0 Be6 13. Kb1 a5 14. h4 h5 15. Be2 Rac8 16. g4 hxg4 17. fxg4 Qa4 18. a3 Bxg4 19. Bxg4 Qxg4 20. Rdg1 Qe4 21. h5 Rfd8 22. Qf2 Qe5 23. c3 Rxc3 24. hxg6 Qe4+ 25. Ka2 Qc4+ 26. Kb1 Qe4+ 27. Ka2 Qe6+ 28. Kb1 Qe4+ 29. Ka2 Qc4+ 30. Kb1 Qd3+ 31. Ka2 Rxa3+ 32. bxa3 Qc4+ 33. Kb1 Qb3+ 34. Kc1 Qxa3+ 35. Kb1 Qa1+ 36. Kc2 Qb2# 0-1